000 01297nam a2200241Ia 4500
003 Ost
005 20260507075158.0
008 260507s9999||||xx |||||||||||||| ||und||
040 _cfsecg
041 _aara
082 _a330
100 _aالعلي، عبد الستار
_eمؤلف
245 0 _aتطبيقات في إدارة الجودة الشاملة /
_c عبد الستار العلي
250 _aطبعة 2
260 _aعمان:
_bدار المسيرة,
_c2010
300 _a380 صفحة؛
_bإيضاحات ؛
_c24 سم
504 _aمراجع ص.361 ؛ ملاحق ص.365
520 _aمفهوم و طبيعة ادارة الجودة الشاملة ، كلفة الانتاج ، المداخل الفلسفية لادارة الجودة الشاملة ، التخطيط و السيطرة على الجودة : دورة الجودة ، أدوات و لوحات السيطرة على الجودة ، برامج قبول العينة ، الأدوات الحديثة في تخطيط مؤشرات الجودة ، أدوات الجودة في منظمات الخدمة ، المقارنة المرجعية و منظمة المواصفة الدولية .
653 _aإدارة الانتاج
653 _aالإيزو
653 _aضبط الجودة
942 _cكتاب
999 _c43381
_d43381